Existe-t-il un pays qui... ? - Mort subite - Statistiques

Statistiques générales
  • Ce quiz a été pris 2 573 fois
    618 depuis la dernière actualisation
  • Le résultat moyen est 4 sur 21
Answers on the Grid
Answers color-coded by a green-red scale on the quiz's grid according to % correct below.
...compte plus d'un milliard d'habitants
...commence par la lettre Q
...a une capitale commençant par la lettre E
...a un drapeau non quadrangulaire
...n'a pas de capitale officielle
...est limitrophe d'au moins 14 Etats
...fait partie de l'Union européenne mais pas de l'OTAN
... compte plus d'un million de soldats
...a une densité de population supérieure à celle de la ville de New York
... possède plus de 200 000 km de côtes maritimes
...n'a pas de débouché sur la mer
...a la même lettre initiale que la capitale
...surplombe au moins 2 océans
...a rejoint l'ONU au 21ème siècle
...a accueilli les Jeux olympiques d'été et d'hiver
...a une capitale de moins de 500 habitants
...a une capitale située sous le niveau de la mer
...a la couleur violette dans son drapeau
...n'a pas d'aéroport
...compte au moins 60 sites de l'UNESCO
...est traversé par les Alpes et les Pyrénées
...est traversé par l'équateur et le méridien de Greenwich
...a remporté au moins 6 Coupes du monde de football
...a une frontière commune avec l'Allemagne et la Roumanie
... compte au moins un million d'îles
... est traversé par au moins 13 fuseaux horaires
...commence par la lettre X
... a une capitale qui commence par la lettre U
...a une altitude moyenne de plus de 3 000 mètres
...a la capitale la plus septentrionale dans le cercle polaire arctique
...se termine par « stan » mais n'est pas situé en Asie
...a une capitale de seulement 3 lettres
...a une espérance de vie inférieure à 30 ans
...est traversé par le Danube et la Volga
...a 4 capitales
...a remporté au moins 2000 médailles d'or aux Jeux olympiques
...a un drapeau unicolore
...a une surface plus grande que la Lune
...a un taux de fécondité supérieur à 8 enfants par femme
...a remporté au moins 15 Oscar du meilleur film international
...a rejoint l'Union européenne en 1946
...a un âge médian d'au moins 55 ans
 
Statistiques - réponses
Réponse % Correct
...a un drapeau non quadrangulaire
26%
...commence par la lettre Q
24%
...est traversé par les Alpes et les Pyrénées
24%
...n'a pas d'aéroport
24%
...n'a pas de débouché sur la mer
24%
...a accueilli les Jeux olympiques d'été et d'hiver
22%
...a la même lettre initiale que la capitale
22%
...compte plus d'un milliard d'habitants
21%
... compte plus d'un million de soldats
19%
...surplombe au moins 2 océans
19%
...a rejoint l'ONU au 21ème siècle
18%
...a une capitale commençant par la lettre E
18%
...a une densité de population supérieure à celle de la ville de New York
15%
...fait partie de l'Union européenne mais pas de l'OTAN
14%
...n'a pas de capitale officielle
13%
...a la couleur violette dans son drapeau
12%
...a une capitale située sous le niveau de la mer
12%
...a une capitale de moins de 500 habitants
11%
...compte au moins 60 sites de l'UNESCO
11%
... possède plus de 200 000 km de côtes maritimes
8%
...est limitrophe d'au moins 14 Etats
7%
Aucun quiz correspondant
Distribution des résultats
% des personnes avec chaque résultat
Percentile par nombre de réponses
Votre historique - résultats
Vous n’avez pas pris ce quiz depuis la dernière actualisation